Integrácia environmentálnej a ekonomickej politiky a metóda jej hodnotenia

Integrácia environmentálnej politiky na európskej úrovni. Hodnotenie integrácie environmentálnej politiky európskymi inštitúciami. Hodnotenie integrácie environmentálnej politiky na Slovensku.

Gespeichert in:
Bibliographische Detailangaben
1. Verfasser: Kanianska, Radoslava
Format: Buchkapitel
Sprache:Slowakisch
Schlagworte:
Tags: Tag hinzufügen
Keine Tags, Fügen Sie das erste Tag hinzu!

MARC

LEADER 00000naa$a2200000$$$4500
001 0067661
005 20231121100522.2
041 0 |a slo 
044 |a SK 
245 1 0 |a Integrácia environmentálnej a ekonomickej politiky a metóda jej hodnotenia  |c Radoslava Kanianska 
520 |a Integrácia environmentálnej politiky na európskej úrovni. Hodnotenie integrácie environmentálnej politiky európskymi inštitúciami. Hodnotenie integrácie environmentálnej politiky na Slovensku. 
610 2 0 |a politika environmentálna 
610 2 0 |a politika hospodárska 
610 2 0 |a prostredie životné 
610 2 0 |a integrácia 
610 2 0 |a metódy 
100 1 |a Kanianska, Radoslava